| 000 | 00941nas a2200301 4500 | ||
|---|---|---|---|
| 001 | BR2012006835 | ||
| 003 | BR-BrBNA | ||
| 005 | 20231205121130.0 | ||
| 007 | ta | ||
| 008 | 230509b bl.|||p| |||| 00| 00por d | ||
| 040 |
_aBR-BrBNA _bpor _cBiblioteca Nacional de Agricultura |
||
| 041 | _a(Pt) | ||
| 072 | _aE50 | ||
| 100 | 1 | _aMachado, I.C. | |
| 100 | 1 | _aFagundes, L. | |
| 100 | 1 | _aHenriques, M.B. | |
| 245 | 1 | _aPerfil socioeconômico e produtivo dos extrativistas da ostra de mangue Crassostrea spp. em Cananéia, São Paulo, Brasil | |
| 650 | _aOSTRA | ||
| 650 | _aTRABALHO | ||
| 650 | _aRENDA | ||
| 650 | _aPESQUISA SOCIAL | ||
| 650 | _aANÁLISE ECONÔMICA | ||
| 650 | _aPREÇO | ||
| 650 | _aSÃO PAULO | ||
| 773 | 0 |
_tInformações Econômicas- Instituto de Economia Agrícola (Brazil) _xISSN 0100-4409 _g(Jul 2010), v. 40(7) p. 67-79 _wBR2012006835 |
|
| 909 |
_a202311 _bLúcia _c55 _dLúcia Elande |
||
| 942 |
_2AGRIS _n0 _cANA |
||
| 999 |
_c221981 _d221981 |
||